000 00304nam a22001217a 4500
008 170620b xxu||||| |||| 00| 0 eng d
041 _aeng
080 _24 ED
_a32
100 _a20
101 _aSHP
245 _aTHE MIDDLE EAST U.S POLICY ISRAEL OIL AND THE ARABS
_cRAMSEY.S
942 _2udc
_cBK
999 _c18257
_d18257